000 00395pab a2200145 454500
008 180718b1991 xxu||||| |||| 00| 0 eng d
100 _aRegens, James L.
245 _aMeasuring environmental benefits with contingent markets
260 _c1991
300 _a345-52
362 _aJul.-Aug.
650 _aEnvironmental Policy - Research
773 _aPublic Administration review
909 _a7793
999 _c7793
_d7793